000 00544nam a2200169Ia 4500
008 090201s9999 xx 000 0 und d
010 _aKPL-48014
040 _bमराठी
041 _aमराठी
082 _a34304
_b48014
100 _aके वि बेलसरे
245 _aअध्यात्म दर्शन
_cके वि बेलसरे
260 _c2004
_bत्रिदल प्रकाशन
300 _a487
_bमोठा
600 _aअध्यात्म दर्शन
942 _cBOOK
999 _c232499
_d232499